| 000 | 00652nam a2200193Ia 4500 | ||
|---|---|---|---|
| 003 | OSt | ||
| 005 | 20260429153317.0 | ||
| 020 | _a978-0-85369-955-2 | ||
| 040 | _cLC | ||
| 050 | _aRS 91. W75 2006 | ||
| 100 | _aWRIGHT, JANE | ||
| 245 | 0 | _aCLINICAL PHARMACY POCKET COMPANION | |
| 260 |
_aLONDON, _bPHARMACEUTICAL PRESS, _c2006, |
||
| 300 | _aXV, 453 P, ILL | ||
| 500 | _aINCLUDES INDEX | ||
| 650 | _a1.Clinical pharmacy-Handbooks, manuals, etc. 2. Pharmacology-Handbooks, manuals, etc. 3. Drug therapy-Handbooks, manuals, etc. 4. Pharmaceutical care-Handbooks, manuals, etc. | ||
| 700 | _aGRAY ALISTAIR HOWARD, GOODEY VINCENT | ||
| 942 |
_cBK _2lcc |
||
| 999 |
_c199998 _d199998 |
||